Kiến trúc Đông Dương
Sparad:
| Huvudupphovsman: | |
|---|---|
| Materialtyp: | Bok |
| Språk: | Vietnamese |
| Publicerad: |
Xây dựng
2013
|
| Taggar: |
Lägg till en tagg
Inga taggar, Lägg till första taggen!
|
| Thư viện lưu trữ: | Mạng thư viện Đại học Đà Nẵng |
|---|
| LEADER | 00612nam a2200253 4500 | ||
|---|---|---|---|
| 001 | 000022025 | ||
| 003 | 18473 | ||
| 005 | 20150424110437.0 | ||
| 008 | 150424s2013 viesd | ||
| 020 | |c 160000 | ||
| 041 | 0 | |a vie | |
| 082 | 1 | 4 | |a 720,9597 |b LÊ-S |
| 100 | 1 | |a Lê, Minh Sơn | |
| 245 | 1 | 0 | |a Kiến trúc Đông Dương |c Lê Minh Sơn |
| 260 | |b Xây dựng |c 2013 | ||
| 300 | |a tr. |c cm. | ||
| OWN | |a LSP | ||
| 999 | |a From the UDN01 | ||
| TYP | |a Monograph | ||
| TYP | |a Printed language | ||
| 980 | |a Mạng thư viện Đại học Đà Nẵng | ||